000 00355 a2200145 4500
005 20250628090652.0
020 _a0-395-32620-6
082 _a658.4 KRE
100 _aKREITNER, R.
245 _aManagement
250 _a2nd Ed.
260 _aBoston
_bHoughton Mifflin Company
_c1983
300 _axx; 667Pages; Index
_bIllustration
_c23cm
942 _2ddc
_cBKS
999 _c5910
_d5910